00206nam a2200085Ia 4500008004100000100002000041245003000061260001300091260001600104180219s9999 xx 000 0 und d aRana Dr Vineeta 0aGender School And Society a"Lucknow cThakur Pub"